La muerte / (Record no. 162382)

MARC details
000 -LEADER
campo de control de longitud fija 00751nam a2200241 i 4500
001 - NÚMERO DE CONTROL
campo de control 162382
003 - IDENTIFICADOR DE NÚMERO DE CONTROL
campo de control ES-MaACL
005 - FECHA Y HORA DE LA ÚLTIMA TRANSACCIÓN
campo de control 20250804052222.0
008 - DATOS DE LONGITUD FIJA--INFORMACIÓN GENERAL
campo de control de longitud fija 150113s2002 sp |||| | spa d
020 ## - NÚMERO INTERNACIONAL ESTÁNDAR DEL LIBRO
Número Internacional Estándar del Libro 84-8191-441-X
080 ## - NÚMERO DE LA CLASIFICACIÓN DECIMAL UNIVERSAL
Número de la Clasificación Decimal Universal 128
100 1# - ENTRADA PRINCIPAL--NOMBRE DE PERSONA
Nombre de persona Jankélévitch, Vladimir.
9 (RLIN) 66033
245 13 - MENCIÓN DEL TÍTULO
Título La muerte /
Mención de responsabilidad, etc. Vladimir Jankélévitch ; traducción y prólogo de Manuel Arranz.
250 ## - MENCION DE EDICION
Mención de edición 1ª ed.
260 ## - PUBLICACIÓN, DISTRIBUCIÓN, ETC.
Lugar de publicación, distribución, etc. Valencia :
Nombre del editor, distribuidor, etc. Pre-Textos,
Fecha de publicación, distribución, etc. 2002.
300 ## - DESCRIPCIÓN FÍSICA
Extensión 435 p. ;
Dimensiones 24 cm.
490 1# - MENCIÓN DE SERIE
Mención de serie Pre-textos ;
Designación de volumen o secuencia 558.
Mención de serie Ensayo
650 #7 - PUNTO DE ACCESO ADICIONAL DE MATERIA--TÉRMINO DE MATERIA
Término de materia o nombre geográfico como elemento de entrada Muerte
Fuente del encabezamiento o término embne
9 (RLIN) 15241
700 0# - ENTRADA AGREGADA--NOMBRE PERSONAL
Nombre de persona Arranz, Manuel.
9 (RLIN) 23217
830 0# - PUNTO DE ACCESO ADICIONAL DE SERIE-TÍTULO UNIFORME
Título uniforme Pre-textos ;
Designación de volumen o secuencia 558.
Título uniforme Ensayo
9 (RLIN) 179721
852 ## - LOCALIZACIÓN
Ubicación ES-MaACL
Número de control de estantería L-30086
Nota libre .- Donat. Miguel A. Velasco
Holdings
Estatus retirado Estado de pérdida Estado de daño No para préstamo Biblioteca de origen Biblioteca actual Ubicación en estantería Fecha de adquisición Fuente de adquisición Total de préstamos Signatura topográfica completa Código de barras Visto por última vez Precio de reemplazo Tipo de ítem Koha
        Biblioteca del Ateneo de Madrid Biblioteca del Ateneo de Madrid Depósito 2 17/01/2008     L-30086 1170117 23/02/2023 23/02/2023 Libro impreso